| 000 | 00809nam a2200217 a 4500 | ||
|---|---|---|---|
| 001 | 000014827 | ||
| 005 | 20250701132841.0 | ||
| 008 | 100122s2007 dr r 000 0 spa d | ||
| 040 |
_aDO-SdBNP _bspa _cBNPHU |
||
| 082 |
_a338.97293 _bP592p |
||
| 100 | 1 |
_aPichardo, Ronaldo _933586 |
|
| 245 | 1 | 0 |
_aPolítica económica dominicana : _bcrisis institucional y pseudoreformas / _cRonaldo Pichardo ; prólogo José Luis Alemán. |
| 260 |
_aSanto Domingo : _b[s. n.], _c2007. |
||
| 300 |
_a198 p. ; _c22 cm. |
||
| 590 | _aInventariado, 2018/BT | ||
| 650 | 0 |
_aDesarrollo económico _985548 |
|
| 651 | 4 |
_aRepública Dominicana _xPolítica Económica _9643 |
|
| 651 | 4 |
_aRepública Dominicana _xCondiciones Económicas _9281 |
|
| 700 | 1 | 2 |
_aAlemán, José Luis, _epról. _97046 |
| 910 | _aValidado. Control de calidad. MFF | ||
| 999 |
_c14408 _d14408 |
||